[Event "1st Stage Russian Cup"]
[Site "Tomsk RUS"]
[Date "2003.07.08"]
[Round "5"]
[White "Osipov,V"]
[Black "Stavsky,D"]
[Result "1/2-1/2"]
[WhiteElo "2289"]
[BlackElo "2155"]

1.d4 Nf6 2.Bg5 d5 3.Nd2 e6 4.e3 Be7 5.Bd3 Nbd7 6.c3 e5 7.f4 exf4 8.exf4 O-O
9.Nh3 c5 10.O-O Qb6 11.Qb3 cxd4 12.Qxb6 Nxb6 13.cxd4 Bxh3 14.gxh3 h6 15.Bxf6 Bxf6
16.Nf3 Rac8 17.Rac1 Rxc1 18.Rxc1 Rc8 19.Rxc8+ Nxc8 20.Kf2 Kf8 21.Ke3 Nd6
22.b3 Ke7 23.h4 g6 24.h5 gxh5 25.a4  1/2-1/2

[Event "13th S&WYM"]
[Site "Millfield School ENG"]
[Date "2003.07.09"]
[Round "1"]
[White "Palliser,R"]
[Black "Jasny,S"]
[Result "1-0"]
[WhiteElo "2438"]
[BlackElo "2319"]

1.d4 Nf6 2.Bg5 d5 3.Bxf6 exf6 4.e3 Be7 5.g3 O-O 6.Bg2 c6 7.Ne2 Nd7 8.O-O f5
9.b3 Nf6 10.c4 Re8 11.Nbc3 Be6 12.Qd3 Qa5 13.cxd5 cxd5 14.a3 Rec8 15.b4 Qd8
16.Na4 a5 17.b5 Rc4 18.Nb2 Rcc8 19.Nc3 Ne4 20.Nca4 b6 21.Rfc1 Qd6 22.f3 Nf6
23.Rxc8+ Rxc8 24.Qb3 Nd7 25.Nd3 f6 26.f4 Nf8 27.Nc3 Rd8 28.a4 Ng6 29.Ra2 Bf8
30.Rc2 Ne7 31.Nb1 Rc8 32.Rxc8 Nxc8 33.Qc3 Ne7 34.Kf2 g6 35.h3 h5 36.Bf3 Qd7
37.Nd2 Qc8 38.Nb1 Qxc3 39.Nxc3 Kf7 40.Ke2 Ke8 41.Nc5 bxc5 42.dxc5 Kd7 43.Kd3 Nc6
44.Bxd5 Nb4+ 45.Kc4 Nc2 46.c6+ Kd6 47.Bxe6 Kxe6 48.b6 Nxe3+ 49.Kd3 Kd6 50.b7 Kc7
51.Kxe3 Bc5+ 52.Kd3 Bf2 53.Nd5+ Kb8 54.Nxf6 Ba7 55.Kc4 Kc7 56.Kb5  1-0

[Event "Open"]
[Site "Montpellier FRA"]
[Date "2003.07.09"]
[Round "3"]
[White "Bricard,E"]
[Black "Nevednichy,V"]
[Result "0-1"]
[WhiteElo "2456"]
[BlackElo "2593"]

1.d4 Nf6 2.Bg5 c5 3.d5 Qb6 4.Nc3 Qxb2 5.Bd2 Qb6 6.e4 e5 7.f4 d6 8.f5 h5 9.Nf3 Nbd7
10.Bd3 a6 11.Qe2 Be7 12.Nd1 c4 13.Bxc4 Nc5 14.Nf2 Bd7 15.Bd3 Rc8 16.O-O Qc7
17.Rfc1 b5 18.a4 bxa4 19.Bb4 Qa7 20.Kh1 a5 21.Ba3 O-O 22.Nd2 Nxd3 23.Nxd3 Bb5
24.c4 Ba6 25.h3 Nd7 26.Rc2 Rc7 27.g4 Rfc8 28.Rac1 hxg4 29.hxg4 Bg5 30.Bxd6 Bxd2
31.Qxd2 Rxc4 32.Rxc4 Rxc4 33.Rxc4 Bxc4 34.Nxe5 Nxe5 35.Bxe5 Qe7 36.d6 Qxe5
37.d7 Qxe4+ 38.Kh2 Qe5+ 39.Kh3 Bf1+ 40.Kh4 Qe7+ 41.Qg5 f6 42.Qd2 Qd8 43.Qd5+ Kh7
44.Kg3 Bc4 45.Qh1+ Kg8 46.Qc6 Qb8+ 47.Kf2 Qh2+ 48.Ke3 Qg1+ 49.Kd2 Qd4+ 50.Kc2 Qd3+  0-1

[Event "1st Stage Russian Cup"]
[Site "Tomsk RUS"]
[Date "2003.07.10"]
[Round "7"]
[White "Bykov,V"]
[Black "Keosidi,K"]
[Result "1-0"]
[WhiteElo "2301"]
[BlackElo "2219"]

1.d4 d5 2.Bg5 Nf6 3.e3 e6 4.Nd2 Be7 5.Bd3 c5 6.c3 Nc6 7.f4 h6 8.Bxf6 Bxf6
9.Ngf3 g5 10.dxc5 Qc7 11.g3 Nb8 12.Qe2 Qxc5 13.Nb3 Qb6 14.O-O-O Nc6 15.e4 dxe4
16.Qxe4 Bd7 17.Rhf1 O-O-O 18.Kb1 Be7 19.Ne5 Nxe5 20.fxe5 Bc6 21.Qc4 Rhf8
22.Rxf7 Rxf7 23.Qxe6+ Kb8 24.Qxf7 Be4 25.Nd4 Ba3 26.Qb3 Bxd3+ 27.Rxd3 Qxb3
28.axb3 Be7 29.Kc2 Re8 30.g4 Bd8 31.Re3  1-0

[Event "Open"]
[Site "Mariupol UKR"]
[Date "2003.07.12"]
[Round "2"]
[White "Kamenets,A"]
[Black "Maximov,D"]
[Result "1-0"]
[WhiteElo "2326"]
[BlackElo "2437"]

1.d4 Nf6 2.Bg5 d5 3.e3 c5 4.c3 Nc6 5.Bxf6 gxf6 6.dxc5 a5 7.Bb5 Rg8 8.g3 e6
9.b4 axb4 10.cxb4 Bd7 11.Qb3 Qc7 12.Nf3 Rg4 13.Bxc6 bxc6 14.a3 Qb8 15.Qc3 Bg7
16.Nbd2 f5 17.Nd4 e5 18.Ne2 h5 19.f3 Rg6 20.Kf2 Kf8 21.Qc2 h4 22.f4 d4 23.exd4 exf4
24.gxf4 Bh6 25.Nf3 h3 26.Ne5 Rg2+ 27.Kf1 Be6 28.Qd3 Rg8 29.Qxh3 Bg7 30.Rg1 Qb7
31.Kf2 Ke7 32.Nc3 Rad8 33.Rad1 Bf6 34.Rxg8 Rxg8 35.Qf3 Bh4+ 36.Ke3 Bd5 37.Nxd5+ cxd5
38.Qh5 Ke6 39.Qxh4 f6 40.Qh6 Qa8 41.Re1 Rh8 42.Qg6  1-0

[Event "13th S&WYM"]
[Site "Millfield School ENG"]
[Date "2003.07.12"]
[Round "4"]
[White "Trent,L"]
[Black "Jones,G"]
[Result "1/2-1/2"]
[WhiteElo "2299"]
[BlackElo "2347"]

1.d4 Nf6 2.Bg5 c5 3.d5 h6 4.Bxf6 exf6 5.Nf3 f5 6.Nbd2 d6 7.e3 g6 8.h4 Bg7
9.c3 Nd7 10.h5 O-O 11.a4 Nf6 12.hxg6 fxg6 13.g3 Qc7 14.Bc4 b6 15.O-O Bb7
16.Qb3 Qf7 17.Rad1 g5 18.Qc2 Bxd5 19.Bxd5 Qxd5 20.Qb3 Qxb3 21.Nxb3 Rad8 22.a5 Kf7
23.Ra1 b5 24.a6 Rb8 25.Na5 Rb6 26.Rfd1 Ke6 27.Nb7 Ne4 28.Nd2 Nxd2 29.Rxd2 Rc8
30.f4 Bf6 31.Kg2 Be7 32.Kf3 g4+ 33.Ke2 Rcc6 34.Rh1 Rxa6 35.Rxh6+ Kf7 36.Rd5 Rcb6
37.Rh7+ Kf6 38.e4 Rxb7 39.Rxf5+ Ke6 40.Rff7 d5 41.f5+ Ke5 42.Rxe7+ Rxe7 43.Rxe7+ Kf6
44.Rh7 Ke5 45.Re7+ Kf6 46.Rc7 dxe4 47.Rxc5 b4 48.Ke3 Ra2 49.cxb4 Rxb2 50.Kf4 Rxb4
51.Rc6+ Kf7 52.Kxg4 a5 53.Kf4 a4 54.Ra6 Rc4 55.g4 e3+ 56.Kf3 e2 57.Re6 a3
58.Rxe2 Ra4  1/2-1/2

[Event "13th S&WYM"]
[Site "Millfield School ENG"]
[Date "2003.07.13"]
[Round "5"]
[White "Gordon,S"]
[Black "Antal,Ge"]
[Result "1/2-1/2"]
[WhiteElo "2216"]
[BlackElo "2475"]

1.d4 Nf6 2.Bg5 d5 3.Bxf6 exf6 4.e3 g6 5.Ne2 Bh6 6.g3 Qe7 7.Bg2 Qb4+ 8.Nd2 c6
9.c4 dxc4 10.O-O Qxb2 11.Nxc4 Qb4 12.Qb3 Qe7 13.Nc3 O-O 14.d5 Bg7 15.Rac1 Na6
16.dxc6 bxc6 17.Na5 Bd7 18.Nxc6  1/2-1/2

[Event "BCSA Open"]
[Site "Batumi GEO"]
[Date "2003.07.17"]
[Round "1"]
[White "Grigoryan,A"]
[Black "Nalbandian,T"]
[Result "1/2-1/2"]
[WhiteElo "2213"]
[BlackElo "2478"]

1.d4 Nf6 2.Bg5 d5 3.Nd2 e6 4.e3 c5 5.c3 Nbd7 6.Bd3 h6 7.Bxf6 Nxf6 8.f4 Qb6
9.Rb1 Bd7 10.Ngf3 Bb5 11.c4 Bc6 12.b4 cxb4 13.Ne5 Be7 14.c5 Qc7 15.Rxb4 Nd7
16.Nxc6 bxc6 17.O-O O-O 18.Qc2 Rfb8 19.Rfb1 Rxb4 20.Rxb4 Rb8 21.Qa4 Rxb4
22.Qxb4 f6 23.Nb3 e5 24.g3 e4 25.Bf1 f5 26.Qa5 Bd8 27.Qa6  1/2-1/2

[Event "TCh-Europe u18"]
[Site "Balatonlelle HUN"]
[Date "2003.07.19"]
[Round "1"]
[White "Milovic,J"]
[Black "Meszaros,T"]
[Result "1/2-1/2"]
[WhiteElo "2223"]
[BlackElo "2307"]

1.d4 Nf6 2.Bg5 d5 3.Bxf6 exf6 4.e3 Bd6 5.g3 O-O 6.Bg2 c6 7.Ne2 f5 8.Nd2 Be6
9.O-O Nd7 10.b3 Nf6 11.c4 b5 12.Rc1 bxc4 13.bxc4 Qa5 14.Nb3 Qxa2 15.c5 Rfb8
16.cxd6 Qxb3 17.Rxc6 Qb7 18.Qc2 g5 19.Rc1 a5 20.Bh3 g4 21.Bg2 a4 22.Rc7 Qb4
23.d7 Nxd7 24.Nf4 Nf6 25.Nxd5 Nxd5 26.Bxd5 Bxd5 27.Qxf5 Qd6 28.Rd7 Qa3 29.Qg5+ Kh8
30.Qe5+ Kg8 31.Qg5+ Kh8 32.Qe5+  1/2-1/2

[Event "BCSA Open"]
[Site "Batumi GEO"]
[Date "2003.07.20"]
[Round "4"]
[White "Goguadze,M"]
[Black "Kuparadze,G"]
[Result "0-1"]
[WhiteElo "2156"]
[BlackElo "2305"]

1.d4 Nf6 2.Bg5 d5 3.Bxf6 exf6 4.e3 Bd6 5.g3 O-O 6.Bg2 c6 7.Nd2 f5 8.Ne2 Nd7
9.O-O Nf6 10.c4 Be6 11.cxd5 Bxd5 12.Bxd5 cxd5 13.Nc3 Bb4 14.Qb3 Qa5 15.a3 Bxc3
16.bxc3 Rfc8 17.Rfc1 Rc7 18.Qb4 Qxb4 19.axb4 Kf8 20.Kf1 b6 21.Ke2 Rac8 22.Kd3 Ne8
23.c4 dxc4+ 24.Rxc4 Nd6 25.Rxc7 Rxc7 26.Ra2 Ke7 27.f3 Kd7 28.d5 f6 29.Rc2 Rxc2
30.Kxc2 Nf7 31.Kc3 Ne5 32.b5 Nf7 33.Nc4 Ng5 34.Nd2 Nf7 35.Nc4 Nd8 36.Nd2 Nb7
37.Nb3 Kd6 38.Kd4 Kd7 39.Kc3 g6 40.Kd3 Nd6 41.Nd4 Nf7 42.Nc6 Kd6 43.Kc4 Ng5
44.f4 Nf3 45.Nxa7 Kd7 46.Kd3 Nxh2 47.Ke2 Ng4 48.Nc6 Nh6 49.Kd3 Nf7 50.Nd4 Nd6
51.Ke2 Ne4 52.Kf3 Nc3 53.g4 fxg4+ 54.Kxg4 Kd6 55.f5 Kxd5 56.Nc6 Ke4 57.Ne7 gxf5+
58.Nxf5 h5+  0-1

[Event "ch-NED Open"]
[Site "Dieren NED"]
[Date "2003.07.22"]
[Round "1"]
[White "Van Ruitenburg,J"]
[Black "Tiviakov,S"]
[Result "0-1"]
[WhiteElo "2196"]
[BlackElo "2613"]

1.d4 Nf6 2.Bg5 d5 3.Nd2 Nbd7 4.Ngf3 c5 5.e3 e6 6.c3 Be7 7.Bd3 Qc7 8.O-O O-O
9.Re1 b6 10.Bf4 Bd6 11.Bxd6 Qxd6 12.e4 dxe4 13.Nxe4 Qe7 14.Ne5 Bb7 15.Nxd7 Nxd7
16.Qh5 cxd4 17.cxd4 g6 18.Qh6 Bxe4 19.Rxe4 Nf6 20.Rh4 Rfd8 21.a3 Rd6 22.Rd1 Rad8
23.Bc4 Qf8 24.Qg5 Qg7 25.g3 h6 26.Rxh6 Ne4 27.Qh4 g5 28.Qxe4 Qxh6 29.d5 Qf6
30.Rd3 exd5 31.Bxd5 Qxb2 32.Qf5 Qg7 33.Kg2 Kf8 34.Qe4 Qg6 35.Qc4 b5 36.Qxb5 Rxd5  0-1

[Event "KB Czech Open"]
[Site "Pardubice CZE"]
[Date "2003.07.24"]
[Round "7"]
[White "Vysochin,S"]
[Black "Klovans,J"]
[Result "1/2-1/2"]
[WhiteElo "2560"]
[BlackElo "2480"]

1.d4 Nf6 2.Bg5 d5 3.e3 e6 4.Bd3 Be7 5.Nd2 b6 6.c3 Bb7 7.Bxf6 Bxf6 8.f4 Nd7
9.Ngf3 a5 10.Qe2 Qc8 11.e4 dxe4 12.Nxe4 O-O 13.h4 Be7 14.O-O-O c5 15.Bc2 Qc7
16.g3 Rfd8 17.Nfg5 Nf8 18.Qh5 g6 19.Qh6 f5 20.Nxh7 Nxh7 21.Qxg6+ Kh8 22.Ng5 Bxg5
23.hxg5 Bxh1 24.Rxh1 Rd6 25.dxc5 bxc5 26.Qh5 Rb8 27.g6 Rd7 28.Qe2 Re7 29.Rh6 Rg8
30.Bb3 Qd6 31.a4 Rgg7 32.Qc4 Re8 33.Kb1 Rge7 34.Ka2 Rb7 35.Ka3  1/2-1/2

[Event "TCh-Europe u18"]
[Site "Balatonlelle HUN"]
[Date "2003.07.26"]
[Round "7"]
[White "Milovic,J"]
[Black "Marchhart,M"]
[Result "1-0"]
[WhiteElo "2223"]
[BlackElo "2131"]

1.d4 Nf6 2.Bg5 c5 3.dxc5 Qa5+ 4.Nd2 Nc6 5.c3 Qxc5 6.Ngf3 d6 7.e3 a6 8.Bd3 Nd7
9.O-O Nde5 10.Be4 Bg4 11.Bf4 Ng6 12.Bg3 e5 13.h3 Bh5 14.b4 Qb6 15.Qb3 Be7
16.Bh2 Nh4 17.Nxh4 Bxh4 18.Nc4 Qc7 19.f4 exf4 20.Rxf4 Be7 21.g4 Ne5 22.Nxe5 dxe5
23.Rf2 Bh4 24.Rf5 Bg6 25.Rxe5+ Be7 26.Bxg6 hxg6 27.Rh5 Qxh2+ 28.Kxh2 gxh5
29.Rf1 O-O-O 30.Rxf7 Bd6+ 31.Kg2 hxg4 32.Qe6+ Kb8 33.Qxg4  1-0

[Event "IV CMA Futurity"]
[Site "Toronto CAN"]
[Date "2003.07.26"]
[Round "3"]
[White "Bellon Lopez,JuM"]
[Black "Zugic,I"]
[Result "1/2-1/2"]
[WhiteElo "2423"]
[BlackElo "2455"]

1.d4 Nf6 2.Bg5 c5 3.Bxf6 gxf6 4.d5 Qb6 5.Qc1 f5 6.e3 Bg7 7.c3 e6 8.Nh3 h5
9.Na3 e5 10.Qc2 d6 11.Nc4 Qd8 12.a4 Qf6 13.a5 h4 14.Bd3 Ke7 15.f4 e4 16.Be2 Na6
17.O-O Bd7 18.Qb3 Rab8 19.Rfd1 Rhd8 20.Rd2 Qg6 21.Qd1 Bf6 22.Qf1 Rg8 23.Kh1 Nc7
24.Ra3 Qg7 25.Qf2 Rh8 26.Bf1 Bb5 27.Ra1 Bxc4 28.Bxc4 Ra8 29.Qf1 Rhb8 30.Bb5 Rh8
31.a6 b6 32.Bc6 Rag8 33.Rc1 Rb8 34.Bb7 Rhg8  1/2-1/2

[Event "ch-COL"]
[Site "Cali COL"]
[Date "2003.07.28"]
[Round "11"]
[White "Castro,O"]
[Black "Garcia,Gild"]
[Result "1/2-1/2"]
[WhiteElo "2385"]
[BlackElo "2473"]

1.d4 Nf6 2.Bg5 c5 3.d5 Qb6 4.c4 Ne4 5.Bc1 g6 6.Qc2 Bg7 7.Nf3 d6 8.Nbd2 Nxd2
9.Nxd2 O-O 10.e4 Nd7 11.Be2 a6 12.O-O Qc7 13.a4 e6 14.Ra2 Re8 15.a5 Nf6 16.Bf3 Bd7
17.b3 exd5 18.cxd5 Bb5 19.Nc4 Rab8 20.Bb2 Qe7 21.Qc3 Qf8 22.Re1 Nxd5 23.Qxg7+ Qxg7
24.Bxg7 Bxc4 25.bxc4 Nb4 26.Rd2 Kxg7 27.Rxd6 Nc6 28.Ra1 Nd4 29.Rd5 Rbd8 30.Rb1 Rxd5
31.cxd5 c4 32.Rb4 Rc8 33.Bd1 Nb5 34.Bc2 c3 35.Ra4 Rc5 36.f3 Nd6 37.Kf2 g5
38.g3 Nc4 39.Ke2 f5 40.Rb4 Nxa5 41.Rb6 fxe4 42.fxe4 Rc7 43.Kd3 Nc4 44.Re6 b5
45.e5 Kf7 46.Rf6+ Kg7 47.Ke4 Re7 48.Rf5 Nd6+ 49.Kd4 Nxf5+ 50.Bxf5 Rc7 51.d6 Rc4+
52.Ke3 Kf7 53.e6+ Kf6 54.e7 Kxf5 55.e8=Q c2 56.g4+ Kf6 57.Qe7+ Kg6 58.Qe6+ Kg7
59.Qe5+ Kf7 60.Qf5+ Kg7 61.Qxg5+ Kf8 62.Qf5+ Ke8 63.Qe6+ Kf8  1/2-1/2

[Event "8th Open"]
[Site "Creon FRA"]
[Date "2003.07.29"]
[Round "2"]
[White "Saada,J"]
[Black "Van der Stricht,G"]
[Result "1/2-1/2"]
[WhiteElo "2245"]
[BlackElo "2450"]

1.d4 Nf6 2.Bg5 d5 3.e3 c5 4.Bxf6 gxf6 5.c4 cxd4 6.Qxd4 Qa5+ 7.Nc3 dxc4 8.Bxc4 Nc6
9.Qd5 e6 10.Qxa5 Nxa5 11.Bb5+ Bd7 12.Bxd7+ Kxd7 13.O-O-O+ Kc7 14.Nge2 a6
15.Kb1 Be7 16.Rc1 Nc6 17.Na4 Rag8 18.g3 Kb8 19.Rhd1 Rd8 20.e4 Rhg8 21.f4 h5
22.a3 h4 23.Rxd8+ Rxd8 24.Nac3 hxg3 25.Nxg3 Rh8 26.Rh1 Rh4 27.f5 Bd6 28.Nce2 Be5
29.Kc1 Na5 30.a4 Nb3+ 31.Kc2 Nc5 32.fxe6 fxe6 33.b3 Nxe4 34.Nxe4 Rxe4 35.Kd3 Rh4
36.h3 Kc7 37.Ng1 Rd4+ 38.Kc2 Rf4 39.h4 Rf1 40.Kd3 f5 41.h5 Kd6 42.h6 Bh8
43.h7 Kd5 44.Ke2 Rb1 45.Kf2 Bd4+ 46.Kg2 Rb2+ 47.Kf1 Bh8 48.Rh3 Ke4 49.Nf3 Kf4
50.Ne1 Kg5 51.Rg3+ Kh6 52.Rh3+ Kg7 53.Ng2 Rb1+ 54.Kf2 Kf7 55.Nf4 e5 56.Nd3 Kg6
57.Nc5 e4 58.Ke2 Rb2+ 59.Kd1 b6 60.Ne6 Kf7 61.Nf4 Rf2 62.Nd5 f4 63.Rh4 Rb2
64.Rxf4+ Kg6 65.b4 e3 66.Nxe3 Kxh7 67.Nd5 b5 68.a5 Be5 69.Re4 Bd6 70.Kc1 Ra2
71.Kb1 Ra4 72.Kb2 Kg7 73.Kb3 Bxb4  1/2-1/2

[Event "IV CMA Futurity"]
[Site "Toronto CAN"]
[Date "2003.07.31"]
[Round "9"]
[White "Moiseenko,A"]
[Black "Krnan,T"]
[Result "1-0"]
[WhiteElo "2618"]
[BlackElo "2216"]

1.d4 Nf6 2.Bg5 d5 3.Bxf6 exf6 4.e3 Bd6 5.c4 dxc4 6.Bxc4 O-O 7.Nc3 Nd7 8.Nf3 f5
9.O-O c6 10.a3 Nf6 11.b4 Ne4 12.Qc2 Re8 13.g3 Qe7 14.Rfc1 a5 15.bxa5 Rxa5
16.a4 Bd7 17.Rcb1 Rb8 18.Nxe4 fxe4 19.Nd2 Bf5 20.Bf1 Bg6 21.Nc4 Ra7 22.Nxd6 Qxd6
23.Rb6 f5 24.a5 Qc7 25.Qc5 Rd8 26.a6 bxa6 27.Bc4+ Bf7 28.Rxc6 Qd7 29.Raxa6 Rb7
30.Rd6 Qe8 31.Bxf7+ Rxf7 32.Qd5 Rb8 33.Ra7 Kf8 34.Rxf7+ Qxf7 35.Rd8+ Rxd8
36.Qxd8+ Qe8 37.Qxe8+ Kxe8 38.Kf1  1-0

[Event "Open"]
[Site "Olomouc CZE"]
[Date "2003.08.03"]
[Round "5"]
[White "Kireev,A"]
[Black "Sojka,A"]
[Result "1/2-1/2"]
[WhiteElo "2276"]
[BlackElo "2092"]

1.d4 Nf6 2.Bg5 d5 3.e3 g6 4.Bxf6 exf6 5.h4 h5 6.Bd3 Nd7 7.Ne2 f5 8.Nf4 Nf6
9.g3 Bg7 10.O-O O-O 11.Nd2 Re8 12.c4 c6 13.Qb3 Bh6 14.c5 Qc7 15.Qc2 Bd7 16.b4 Bxf4
17.exf4 Ne4 18.Nb3 Re7 19.Kg2 Rae8 20.f3 Nf6 21.a4 a6 22.Kf2 Kg7 23.Qd2 Nh7
24.Rfe1 Nf8 25.Rxe7 Rxe7 26.Re1 Rxe1 27.Qxe1 Ne6 28.Qe3 Be8 29.Ke2 Bd7 30.Kd2 f6
31.Kc3 Kf7 32.Nd2 Qd8 33.Nb1 Qc7 34.Kb3 Qb8 35.Nc3 Qc7 36.b5 axb5 37.axb5 b6
38.Na4 bxc5 39.Nxc5 Nxc5+ 40.dxc5 cxb5 41.Qd4 Bc6 42.Kb4 Qb7 43.Bc2 Qe7 44.Qd2 Qd7
45.Bb3 Ke7 46.Qd4 Qe6 47.Qa1 Qe3 48.Qa7+ Bd7 49.Qb6 Qd4+ 50.Ka3 Qa1+ 51.Kb4 Qd4+
52.Ka3 Qa1+  1/2-1/2

[Event "HZ Open"]
[Site "Vlissingen NED"]
[Date "2003.08.05"]
[Round "5"]
[White "Groffen,H"]
[Black "Kohlweyer,B"]
[Result "1/2-1/2"]
[WhiteElo "2192"]
[BlackElo "2399"]

1.d4 Nf6 2.Bg5 c5 3.Bxf6 gxf6 4.d5 Qb6 5.Qc1 f5 6.c4 Bg7 7.Nc3 Na6 8.e3 Nc7
9.Bd3 Qf6 10.Qc2 d6 11.Nge2 e6 12.Nf4 Bh6 13.dxe6 fxe6 14.Be2 Ke7 15.Bf3 Rb8
16.Rd1 Rd8 17.O-O b5 18.cxb5 Bxf4 19.exf4 Nxb5 20.Nxb5 Rxb5 21.b3 Bb7 22.Bxb7 Rxb7
23.Rfe1 Rb4 24.g3 Kf7 25.Re3 Rd7 26.Red3 Ke7 27.Qd2  1/2-1/2

[Event "Hilton Premier"]
[Site "Blackpool ENG"]
[Date "2003.08.06"]
[Round "5"]
[White "Palliser,R"]
[Black "Hunt,A"]
[Result "1/2-1/2"]
[WhiteElo "2438"]
[BlackElo "2395"]

1.d4 Nf6 2.Bg5 g6 3.Bxf6 exf6 4.c4 Bg7 5.Nc3 f5 6.e3 O-O 7.Nge2 c5 8.dxc5 Na6
9.g3 Nxc5 10.Bg2 d6 11.O-O Be6 12.b3 a6 13.Rb1 Rb8 14.Nd4 Re8 15.Qc2 Bd7
16.Rfd1  1/2-1/2

[Event "Ron Banwell Masters"]
[Site "Blackpool ENG"]
[Date "2003.08.07"]
[Round "6"]
[White "Walton,A"]
[Black "Crouch,C"]
[Result "0-1"]
[WhiteElo "2158"]
[BlackElo "2392"]

1.d4 Nf6 2.Bg5 d5 3.Nc3 Nbd7 4.f3 c6 5.e4 dxe4 6.fxe4 e5 7.dxe5 Qa5 8.Bxf6 gxf6
9.exf6 Nxf6 10.Qd4 Bg7 11.Bd3 Nh5 12.e5 Bxe5 13.Qe3 Nf4 14.Be4 Be6 15.g3 Nd5
16.Bxd5 Bxc3+ 17.bxc3 Qxd5 18.Nf3 O-O-O 19.O-O Bh3 20.Rfd1 Qxd1+ 21.Rxd1 Rxd1+
22.Kf2 Rhd8 23.Qxa7 Rf1+ 24.Ke3 Re8+ 25.Kf4 Bg2 26.Qa8+ Kd7 27.Qxb7+ Kd6
28.Qb4+ Kc7 29.Qa5+ Kb7 30.Qb4+ Kc8 31.Qc4 Rxf3+ 32.Kg4 Re4+  0-1

[Event "ch-SLO"]
[Site "Bled SLO"]
[Date "2003.08.07"]
[Round "6"]
[White "Basagic,Z"]
[Black "Mazi,L"]
[Result "0-1"]
[WhiteElo "2379"]
[BlackElo "2402"]

1.d4 Nf6 2.Bg5 d5 3.Bxf6 exf6 4.e3 Be7 5.c4 dxc4 6.Bxc4 O-O 7.Nc3 Nd7 8.Bd5 c6
9.Bf3 f5 10.Nge2 Nf6 11.Qc2 Re8 12.O-O Bd6 13.Rfd1 Be6 14.g3 Rc8 15.a4 a5
16.Qd3 Bb4 17.Nf4 Bb3 18.Rdc1 Qd7 19.Na2 Bxa2 20.Rxa2 Ne4 21.b3 Rcd8 22.Rac2 Qe7
23.Bxe4 fxe4 24.Qe2 g5 25.Nh5 f5 26.g4 f4 27.exf4 gxf4 28.Nxf4 Rxd4 29.Rc4 Rd2
30.Qe3 Rd6 31.R1c2 Qd7 32.h3 Rd3 33.Qe2 Rd1+ 34.Kg2 Re1 35.Nh5 Qf7 36.Rxe4 Rxe2
37.Rcxe2 Rxe4 38.Rxe4 Qxb3 39.g5 Bc3 40.h4 b5 41.axb5 cxb5 42.Ng3 Qd5 43.Kh3 a4
44.Rf4 a3 45.Nf5 Qxf5+ 46.Rxf5 a2 47.Rxb5 a1=Q 48.Rb8+ Kg7 49.Rb7+ Kg6 50.Rb6+ Kf5  0-1

[Event "IPCA World Cup"]
[Site "Hrabyne CZE"]
[Date "2003.08.07"]
[Round "8"]
[White "Cempel,J"]
[Black "Nabelek,M"]
[Result "1/2-1/2"]
[WhiteElo "2239"]
[BlackElo "2101"]

1.d4 d5 2.Bg5 Nf6 3.Bxf6 exf6 4.e3 Bd6 5.Bd3 c6 6.c3 O-O 7.Qc2 h6 8.Nf3 Re8
9.O-O Nd7 10.Nbd2 Nf8 11.Rfe1 Bc7 12.h3 Be6 13.Rad1  1/2-1/2

[Event "Ron Banwell Masters"]
[Site "Blackpool ENG"]
[Date "2003.08.08"]
[Round "8"]
[White "Walton,A"]
[Black "Escobedo,J"]
[Result "1-0"]
[WhiteElo "2158"]
[BlackElo "2120"]

1.d4 Nf6 2.Bg5 g6 3.Bxf6 exf6 4.e3 Bg7 5.g3 O-O 6.Bg2 d5 7.Ne2 c6 8.O-O f5
9.b3 Nd7 10.c4 dxc4 11.bxc4 c5 12.Nbc3 Nb6 13.Qb3 Be6 14.d5 Bd7 15.Rab1 Rb8
16.Nf4 Qf6 17.Rfc1 Nc8 18.Nd3 b6 19.Nxc5 bxc5 20.Qxb8 Qa6 21.Qb7  1-0

[Event "HZ Open"]
[Site "Vlissingen NED"]
[Date "2003.08.09"]
[Round "9"]
[White "Fischdick,G"]
[Black "Michiels,R"]
[Result "0-1"]
[WhiteElo "2261"]
[BlackElo "2117"]

1.d4 Nf6 2.Bg5 d5 3.e3 Bg4 4.Be2 Bxe2 5.Qxe2 c6 6.Bxf6 gxf6 7.Nf3 Nd7 8.O-O e6
9.c4 f5 10.Nc3 Bd6 11.a3 h5 12.b4 Nf6 13.cxd5 cxd5 14.Qb5+ Qd7 15.Rfc1 Ne4
16.Qe2 a6 17.Nxe4 fxe4 18.Nd2 f5 19.Nb3 Rh7 20.f4 exf3 21.Qxf3 b6 22.Rc3 Rc8
23.Rxc8+ Qxc8 24.Rc1 Qd7 25.Nd2 Qa4 26.Rc8+ Kd7 27.Ra8 Kc6 28.e4 Kb7 29.Rg8 dxe4
30.Qe2 Qc2 31.Re8 Bf4 32.Qc4 Be3+ 33.Kh1 Qd1+ 34.Nf1 Rc7  0-1

[Event "HZ Open"]
[Site "Vlissingen NED"]
[Date "2003.08.09"]
[Round "9"]
[White "Veltkamp,G"]
[Black "Medvegy,N"]
[Result "0-1"]
[WhiteElo "2206"]
[BlackElo "2354"]

1.d4 Nf6 2.Bg5 d5 3.Bxf6 exf6 4.e3 Bd6 5.c4 dxc4 6.Bxc4 O-O 7.Nf3 Nd7 8.Nc3 a6
9.Qc2 f5 10.h4 Nf6 11.O-O-O g6 12.Kb1 b5 13.Be2 Bb7 14.h5 b4 15.hxg6 bxc3
16.gxf7+ Rxf7 17.Ng5 Re7 18.Qxf5 Qf8 19.Bc4+ Kh8 20.Rh4 Be4+ 21.Rxe4 Nxe4
22.Nf7+ Rxf7 23.Bxf7 Rb8 24.Rh1 Rxb2+ 25.Ka1 Ng5 26.Qf6+ Qg7 27.Qd8+ Bf8
28.Bg6 Rb6 29.Bd3 h6 30.f4 Ne6 31.Qe8 c2 32.Qa4 Rb4  0-1

[Event "North Ural Cup"]
[Site "Krasnoturinsk RUS"]
[Date "2003.08.10"]
[Round "2"]
[White "Stefanova,A"]
[Black "Matveeva,S"]
[Result "0-1"]
[WhiteElo "2503"]
[BlackElo "2478"]

1.d4 Nf6 2.Bg5 d5 3.e3 c6 4.Bd3 Bg4 5.Ne2 Nbd7 6.O-O Qb6 7.f3 Bh5 8.c4 e6
9.Nbc3 Be7 10.c5 Qd8 11.b4 Bg6 12.a4 e5 13.b5 O-O 14.a5 a6 15.bxc6 bxc6 16.Bxg6 hxg6
17.Qd3 Ne8 18.Bxe7 Qxe7 19.Rab1 exd4 20.exd4 Nc7 21.Na4 Nb5 22.Nb6 Ra7 23.Rfe1 Qf6
24.Red1 Rd8 25.Rbc1 Nf8 26.Nc3 Ne6 27.Nxb5 axb5 28.Qc3 Nf4 29.Re1 b4 30.Qxb4 Qg5
31.g3 Nd3 32.Qc3 Nxc1 33.Rxc1 Rxa5 34.f4 Qe7 35.Re1 Qa7 36.Kg2 Ra2+ 37.Kh3 Rf2
38.Qe3 Rb2 39.Qe5 Rf8 40.Qd6 Qa2 41.Rh1 Qb3 42.Qxc6 Rd8 43.Qc7 Re8 44.Qd7 Re4
45.Qd8+ Kh7 46.Qh4+ Kg8 47.Qd8+ Kh7 48.Qh4+ Kg8 49.Qd8+ Kh7 50.Nd7 Rxf4 51.Nf8+ Kh6
52.Nd7 Qf3 53.Qh8+ Kg5 54.Ne5 Qg2+  0-1

[Event "North Ural Cup"]
[Site "Krasnoturinsk RUS"]
[Date "2003.08.10"]
[Round "2"]
[White "Zhukova,N"]
[Black "Kovalevskaya,E"]
[Result "1/2-1/2"]
[WhiteElo "2439"]
[BlackElo "2443"]

1.d4 Nf6 2.Bg5 d5 3.Nd2 Nbd7 4.e3 g6 5.f4 Bg7 6.Bd3 c5 7.c3 Qb6 8.Rb1 O-O
9.Qf3 Ne4 10.Nxe4 dxe4 11.Bxe4 Nf6 12.Bxf6 exf6 13.Ne2 Re8 14.Kf2 Bg4 15.Qxg4 Rxe4
16.Ng3 Re7 17.dxc5 Qxc5 18.Rhe1 Qb6 19.Nf1 f5 20.Qd1 Rae8 21.Qb3 Qc7 22.Rbd1 Bf8
23.g3 Re6 24.Rd3 Bc5 25.Red1 R6e7 26.R1d2 g5 27.fxg5 f4 28.Re2 fxe3+ 29.Ke1 Rd8
30.Rxd8+ Qxd8 31.Qc4 Bb6 32.h4 Re6 33.Nh2 Qd6 34.Qf4 Qd3 35.Qa4 Qd5 36.Nf1 Qf5
37.Qc2 Qe5 38.Qa4  1/2-1/2

[Event "Independence Cup"]
[Site "Kyiv UKR"]
[Date "2003.08.20"]
[Round "8"]
[White "Vysochin,S"]
[Black "Kislinsky,A"]
[Result "0-1"]
[WhiteElo "2560"]
[BlackElo "2401"]

1.d4 Nf6 2.Bg5 c5 3.Nc3 cxd4 4.Qxd4 Nc6 5.Qh4 b5 6.e4 a6 7.Nf3 d6 8.Be2 e6
9.O-O-O Bd7 10.Nd4 b4 11.Nb1 Qa5 12.Nb3 Qc7 13.N1d2 Be7 14.Qg3 a5 15.Kb1 a4
16.Nc5 Nd4 17.Nxd7 Qxc2+ 18.Ka1 Nb3+ 19.Nxb3 axb3 20.Nxf6+ Bxf6 21.Bb5+ Kf8
22.Qxd6+ Kg8 23.Qd8+ Bxd8 24.Rxd8+ Rxd8 25.Bxd8 h6 26.Be7 Kh7 27.Bxb4 Ra8
28.a3 Rd8  0-1

[Event "Open"]
[Site "Vienna AUT"]
[Date "2003.08.20"]
[Round "5"]
[White "Riedner,M"]
[Black "Druckenthaner,A"]
[Result "1/2-1/2"]
[WhiteElo "2169"]
[BlackElo "2309"]

1.d4 Nf6 2.Bg5 d5 3.Nd2 Nbd7 4.Ngf3 g6 5.e3 Bg7 6.Bd3 O-O 7.h3 c5 8.c3 b6
9.O-O Bb7 10.Qc2 Rc8 11.Rad1 Qe8 12.Rfe1 e5 13.dxe5 Nxe5 14.Nxe5 Qxe5 15.Bf4 Qe6
16.Be2 Nd7 17.Nf3 Rfd8 18.c4 Ne5 19.Nxe5 Bxe5 20.Bxe5 Qxe5 21.Bf3 Ba8 22.cxd5 Bxd5
23.Bxd5 Rxd5 24.Rd2 Rcd8 25.Red1 Kg7 26.b3 Rxd2 27.Rxd2 Rxd2 28.Qxd2 b5 29.Kf1 b4
30.h4 h5 31.Qc2 Kf6 32.Ke2 Ke7 33.g3 a5 34.Ke1 Kd6 35.Qd3+ Kc7 36.Qc4 Qa1+
37.Ke2 Qxa2+ 38.Kf3 Qb1 39.Qxf7+ Kd6 40.Qf6+ Kc7 41.Qe7+ Kc6 42.Qe6+ Kc7
43.Qe7+ Kc6  1/2-1/2

[Event "Jezero Open"]
[Site "Belgrade YUG"]
[Date "2003.08.21"]
[Round "8"]
[White "Raspopovic,M"]
[Black "Nestorovic,N"]
[Result "1-0"]
[WhiteElo "2214"]
[BlackElo "2152"]

1.d4 Nf6 2.Bg5 d5 3.Bxf6 exf6 4.e3 Bd6 5.g3 O-O 6.Bg2 c6 7.Ne2 Nd7 8.O-O f5
9.Nd2 Nf6 10.c4 dxc4 11.Nxc4 Bc7 12.Nf4 Bxf4 13.gxf4 Be6 14.Ne5 Bd5 15.Bxd5 Nxd5
16.h3 Re8 17.Kh2 Qh4 18.Qf3 Rad8 19.Rg1 g6 20.Rac1 Re6 21.a3 Rde8 22.b4 Qe7
23.Rb1 Nc3 24.Rb2 Ne4 25.a4 Kg7 26.Rc1 f6 27.Nd3 Rd6 28.Qe2 Red8 29.f3 Re6
30.fxe4 Rxe4 31.Re1 Re8 32.Nc5 Rxe3 33.Qxe3 Qxe3 34.Rxe3 Rxe3 35.Nxb7 Rd3
36.Nd8 Rc3 37.b5 cxb5 38.axb5 Kh6 39.Nc6 Ra3 40.d5  1-0

[Event "Open"]
[Site "Vienna AUT"]
[Date "2003.08.22"]
[Round "7"]
[White "Klimm,W"]
[Black "Wittmann,W"]
[Result "1-0"]
[WhiteElo "2255"]
[BlackElo "2359"]

1.d4 Nf6 2.Bg5 c5 3.d5 e5 4.dxe6 fxe6 5.e4 Qa5+ 6.Bd2 Qc7 7.Qe2 Nc6 8.Nf3 d6
9.Nc3 a6 10.O-O-O Be7 11.e5 dxe5 12.Re1 O-O 13.h3 Bd6 14.Ne4 Nd4 15.Qd3 Bd7
16.Nxd6 Nxf3 17.gxf3 Bb5 18.Nc4 Nd5 19.Qe4 Rf5 20.h4 Rd8 21.Bg5 Rdf8 22.Bh3 Nf6
23.Bxf6 R5xf6 24.Qxe5 Qc6 25.Nd6 Qxf3 26.Ne4 Rf4 27.Ng5 R4f6 28.Nxf3  1-0